Let there be light! (Record no. 77629)

MARC details
000 -LEADER
fixed length control field 00888cab a2200181 4500
001 - CONTROL NUMBER
control field ##L134736
008 - FIXED-LENGTH DATA ELEMENTS--GENERAL INFORMATION
fixed length control field 060829n2005 000 0 eng u
035 ## - SYSTEM CONTROL NUMBER
System control number (Sirsi) u134736
041 0# - LANGUAGE CODE
Language code of text/sound track or separate title eng
100 1# - MAIN ENTRY--PERSONAL NAME
Personal name Redler, Alistair
245 00 - TITLE STATEMENT
Title Let there be light!
260 ## - PUBLICATION, DISTRIBUTION, ETC.
Date of publication, distribution, etc. 2005
490 ## - SERIES STATEMENT
Series statement RICS Business
Volume/sequential designation November/December 2005
520 ## - SUMMARY, ETC.
Summary, etc. Examines how recent trends in case law are creating uncertainty for surveyors in the rights of light rules traditionally relied upon. Discusses "Midtown Ltd v City of London Real Property Co Ltd" ([2005] EWHC 33 (Ch), L128821), and suggests that commercial neighbours will need to show that they have a requirement for natural light that can only be properly safeguarded by injunction.
651 #4 - SUBJECT ADDED ENTRY--GEOGRAPHIC NAME
Geographic name England and Wales
Chronological subdivision 1543-
690 ## - LOCAL SUBJECT ADDED ENTRY--TOPICAL TERM (OCLC, RLIN)
Topical term or geographic name as entry element PROPERTY-PROPERTY MANAGEMENT-EASEMENTS-RIGHTS TO LIGHT DETERMINATION-RIGHTS TO LIGHT
942 ## - ADDED ENTRY ELEMENTS (KOHA)
Suppress in OPAC 0
Holdings
Withdrawn status Lost status Source of classification or shelving scheme Damaged status Not for loan Home library Current library Shelving location Date acquired Total Checkouts Full call number Barcode Date last seen Copy number Price effective from Koha item type
    Dewey Decimal Classification     Virtual Virtual Journal article 29/08/2006   ONLINE PUBLICATION 134736-2001 06/08/2019 1 06/08/2019 Journal article